[Event "Titled Tuesday intern op 16th Apr Early"]
[Site "Chess.com INT"]
[Date "2024.04.16"]
[Round "6"]
[White "Bilan, Danila"]
[Black "Rustamov, Rustam"]
[Result "1/2-1/2"]
[WhiteElo "2303"]
[BlackElo "2261"]
[PlyCount "235"]
[EventDate "2024.04.16"]
[EventType "swiss (blitz)"]
[EventRounds "11"]
[EventCountry "USA"]
[SourceTitle "CB17_2024"]
[SourceDate "2024.04.24"]
[SourceVersion "1"]
[SourceVersionDate "2024.04.24"]
[SourceQuality "1"]

1. d4 Nf6 2. Nf3 e6 3. g3 d5 4. Bg2 Be7 5. 0-0 0-0 6. c4 dxc4 7. Qa4 a6 8. Qxc4 b5 9. Qc2 Bb7 10. Bf4 Nc6 11. Nc3 Nb4 12. Qd2 c5 13. dxc5 Qxd2 14. Nxd2 Bxg2 15. Kxg2 Bxc5 16. Nb3 Be7 17. Rac1 Rfc8 18. Rfd1 Nfd5 19. Nxd5 Nxd5 20. e4 Nb6 21. Na5 f6 22. Be3 Na4 23. Rxc8+ Rxc8 24. Rd7 Bc5 25. Bxc5 Rxc5 26. b3 Nc3 27. Rd6 e5 28. Rxa6 Nxe4 29. Kf3 f5 30. Rc6 Rd5 31. Rc2 Kf7 32. Nc6 h5 33. a4 bxa4 34. bxa4 Kf6 35. a5 Rd3+ 36. Kg2 Ra3 37. f3 Ng5 38. Nxe5 Kxe5 39. f4+ Kf6 40. fxg5+ Kxg5 41. h4+ Kh6 42. Rc6+ g6 43. a6 Kg7 44. Rb6 Kh6 45. Rc6 Ra5 46. Rb6 Ra4 47. Kf3 Ra3+ 48. Kf4 Ra1 49. Kf3 Ra2 50. Ke3 Ra3+ 51. Kf4 Kg7 52. Rc6 Ra4+ 53. Kf3 Kh6 54. Kg2 Ra2+ 55. Kf3 Ra4 56. Rb6 Kg7 57. Rc6 Kf7 58. Rb6 Ra3+ 59. Kg2 Ra4 60. Kf3 Ra1 61. Kf2 Kg7 62. Kf3 Ra2 63. Rc6 Kf7 64. Rb6 Kg7 65. Rc6 Rb2 66. Rd6 Rb3+ 67. Kf2 Rb2+ 68. Kf3 Rb3+ 69. Kf2 Ra3 70. Kg2 Ra4 71. Rc6 f4 72. gxf4 Rxf4 73. Rc7+ Kh6 74. a7 Ra4 75. Kf3 Ra6 76. Ke4 g5 77. Rc6+ Rxc6 78. a8Q Rc4+ 79. Kf5 Rf4+ 80. Ke5 Rxh4 81. Qh8+ Kg6 82. Qg8+ Kh6 83. Qe6+ Kh7 84. Kf6 Rf4+ 85. Kxg5 Rf8 86. Qh6+ Kg8 87. Kg6 Rf7 88. Qd2 Rg7+ 89. Kf6 Rf7+ 90. Ke6 Rg7 91. Qd8+ Kh7 92. Qd3+ Kh6 93. Kf6 Rg8 94. Qe3+ Kh7 95. Qe7+ Kh6 96. Qe3+ Kh7 97. Qe4+ Kh6 98. Qf4+ Kh7 99. Kf7 Rg7+ 100. Kf8 Rg6 101. Kf7 Rg7+ 102. Kf6 Rg6+ 103. Kf5 Kg7 104. Qc7+ Kh6 105. Qd8 Kh7 106. Qe7+ Rg7 107. Qf8 h4 108. Kf6 Rg6+ 109. Kf5 Rg7 110. Qb4 h3 111. Qh4+ Kg8 112. Qxh3 Rf7+ 113. Kg6 Rg7+ 114. Kf6 Rf7+ 115. Ke6 Rg7 116. Qh6 Re7+ 117. Kf6 Re6+ 118. Kxe6 1/2-1/2

[Event "Titled Tuesday intern op 02nd Apr Late"]
[Site "Chess.com INT"]
[Date "2024.04.02"]
[Round "10"]
[White "Bilan, Danila"]
[Black "Korol, Dimitry"]
[Result "1-0"]
[WhiteElo "2303"]
[BlackElo "2287"]
[PlyCount "63"]
[EventDate "2024.04.02"]
[EventType "swiss (blitz)"]
[EventRounds "11"]
[EventCountry "USA"]
[SourceTitle "CB15_2024"]
[SourceDate "2024.04.10"]
[SourceVersion "1"]
[SourceVersionDate "2024.04.10"]
[SourceQuality "1"]

1. d4 Nf6 2. Nf3 g6 3. Bg5 Bg7 4. c3 c5 5. e3 Qb6 6. Qb3 d5 7. Nbd2 Nc6 8. Be2 c4 9. Qa3 0-0 10. b3 cxb3 11. axb3 Re8 12. 0-0 e5 13. dxe5 Nxe5 14. Nxe5 Rxe5 15. Bf4 Re8 16. c4 Ne4 17. Nxe4 dxe4 18. Rad1 Bf8 19. Bd6 Be6 20. Bxf8 Rxf8 21. Rd6 Qc7 22. Rfd1 a6 23. c5 Rfc8 24. b4 a5 25. h3 axb4 26. Qxb4 Qxc5 27. Qxe4 b5 28. Rxe6 fxe6 29. Qxe6+ Kh8 30. Qf6+ Kg8 31. Rd7 Rf8 32. Qg7# 1-0

[Event "Titled Tuesday intern op 02nd Apr Early"]
[Site "Chess.com INT"]
[Date "2024.04.02"]
[Round "3"]
[White "Bilan, Danila"]
[Black "Seder, Mohamad"]
[Result "0-1"]
[WhiteElo "2303"]
[BlackElo "2077"]
[PlyCount "80"]
[EventDate "2024.04.02"]
[EventType "swiss (blitz)"]
[EventRounds "11"]
[EventCountry "USA"]
[SourceTitle "CB15_2024"]
[SourceDate "2024.04.10"]
[SourceVersion "1"]
[SourceVersionDate "2024.04.10"]
[SourceQuality "1"]

1. d4 d5 2. Nf3 Nf6 3. c4 c6 4. Nc3 e6 5. Bg5 Be7 6. e3 0-0 7. Bd3 dxc4 8. Bxc4 b5 9. Bd3 Bb7 10. Bxf6 Bxf6 11. Ne4 Be7 12. Rc1 Qa5+ 13. Nfd2 Nd7 14. a3 Rfd8 15. Qc2 g6 16. 0-0 Rac8 17. Nb3 Qc7 18. Rfd1 Qb8 19. Qc3 e5 20. Nec5 exd4 21. exd4 Nf6 22. Na5 Ba8 23. b4 Ng4 24. g3 h5 25. Qc2 Kg7 26. Qe2 Bf6 27. h3 Nxf2 28. Kxf2 Bxd4+ 29. Kg2 Re8 30. Qf3 Re3 31. Qf4 Qxf4 32. gxf4 Rce8 33. Rc2 h4 34. Kh2 Rf3 35. f5 Be5+ 36. Kg2 Rg3+ 37. Kf1 Bd4 38. Rg2 Rf3+ 39. Rf2 Rxf2+ 40. Kg1 Rd2+ 0-1

[Event "Titled Tuesday intern op 02nd Apr Early"]
[Site "Chess.com INT"]
[Date "2024.04.02"]
[Round "5"]
[White "Bilan, Danila"]
[Black "Shevchuk, Olexandr"]
[Result "0-1"]
[WhiteElo "2303"]
[BlackElo "2093"]
[PlyCount "98"]
[EventDate "2024.04.02"]
[EventType "swiss (blitz)"]
[EventRounds "11"]
[EventCountry "USA"]
[SourceTitle "CB15_2024"]
[SourceDate "2024.04.10"]
[SourceVersion "1"]
[SourceVersionDate "2024.04.10"]
[SourceQuality "1"]

1. d4 e6 2. Nf3 d5 3. c4 c6 4. e3 Nf6 5. Nc3 Nbd7 6. Qc2 Be7 7. Bd3 dxc4 8. Bxc4 b5 9. Bd3 Bb7 10. e4 Rc8 11. e5 Nd5 12. Nxd5 cxd5 13. Qe2 Bc6 14. Bd2 Qb6 15. Rc1 a6 16. h4 Bb7 17. Rxc8+ Bxc8 18. h5 h6 19. 0-0 Nb8 20. Rc1 Bd7 21. Be3 Nc6 22. Bb1 Na5 23. g4 Nc4 24. Bf4 a5 25. b3 Na3 26. Bd3 b4 27. Kg2 Nb5 28. Bxb5 Bxb5 29. Qc2 Kd7 30. Ne1 Qb7 31. Nd3 Rc8 32. Qxc8+ Qxc8 33. Rxc8 Kxc8 34. Nb2 Kc7 35. Bd2 Kc6 36. f4 Bd8 37. Kg3 Bb6 38. Be3 Be2 39. Na4 Ba7 40. Nb2 Kb5 41. Na4 Bd3 42. g5 Bb1 43. Nb2 Bxa2 44. gxh6 gxh6 45. f5 Bxb3 46. Bxh6 Bc2 47. fxe6 fxe6 48. Bd2 a4 49. Kf2 a3 0-1

[Event "Titled Tuesday intern op 02nd Apr Late"]
[Site "Chess.com INT"]
[Date "2024.04.02"]
[Round "2"]
[White "Drygalov, Andrey"]
[Black "Bilan, Danila"]
[Result "1-0"]
[WhiteElo "2455"]
[BlackElo "2303"]
[PlyCount "67"]
[EventDate "2024.04.02"]
[EventType "swiss (blitz)"]
[EventRounds "11"]
[EventCountry "USA"]
[SourceTitle "CB15_2024"]
[SourceDate "2024.04.10"]
[SourceVersion "1"]
[SourceVersionDate "2024.04.10"]
[SourceQuality "1"]

1. e4 c6 2. Nf3 d5 3. d3 Bg4 4. h3 Bxf3 5. Qxf3 e6 6. g3 Nf6 7. Bg2 Nbd7 8. 0-0 Bc5 9. Qe2 dxe4 10. dxe4 e5 11. Nd2 0-0 12. Nb3 Bb6 13. Kh2 Qc7 14. a4 a5 15. Nd2 Nc5 16. Nc4 Ne6 17. c3 Bc5 18. f4 exf4 19. gxf4 b5 20. axb5 cxb5 21. Ne5 Bd6 22. Nd3 Nd7 23. e5 Be7 24. Bxa8 Rxa8 25. f5 Nec5 26. Nxc5 Qxc5 27. Bf4 a4 28. Rad1 Nb6 29. f6 Bf8 30. fxg7 Be7 31. Qf3 Re8 32. Be3 Qxe5+ 33. Kh1 Qe6 34. Bxb6 1-0

[Event "Titled Tuesday intern op 02nd Apr Late"]
[Site "Chess.com INT"]
[Date "2024.04.02"]
[Round "11"]
[White "Lach, Aleksandra"]
[Black "Bilan, Danila"]
[Result "1-0"]
[WhiteElo "2292"]
[BlackElo "2303"]
[PlyCount "101"]
[EventDate "2024.04.02"]
[EventType "swiss (blitz)"]
[EventRounds "11"]
[EventCountry "USA"]
[SourceTitle "CB15_2024"]
[SourceDate "2024.04.10"]
[SourceVersion "1"]
[SourceVersionDate "2024.04.10"]
[SourceQuality "1"]

1. c4 c6 2. e3 d5 3. d4 Nf6 4. Qc2 e6 5. Nf3 Bd7 6. Bd3 Bd6 7. 0-0 c5 8. cxd5 Nxd5 9. dxc5 Nb4 10. Qb3 Nxd3 11. Qxd3 Bxc5 12. Qc3 Bf8 13. Rd1 Qc8 14. Qe5 Nc6 15. Qg3 g6 16. Ne5 Nxe5 17. Qxe5 Rg8 18. Nc3 Bg7 19. Qd6 Qc6 20. Qa3 Bf8 21. Qb3 0-0-0 22. e4 Qb6 23. Qc2 Bc6 24. Be3 Bc5 25. Nd5 exd5 26. Bxc5 Qc7 27. Bxa7 dxe4 28. Rdc1 Rd3 29. Be3 Rgd8 30. h3 f5 31. g3 Rxe3 32. fxe3 Qxg3+ 33. Qg2 Qxe3+ 34. Qf2 Qxf2+ 35. Kxf2 Rd2+ 36. Ke3 Rxb2 37. a4 Rb3+ 38. Kd4 e3 39. a5 e2 40. a6 Kb8 41. a7+ Ka8 42. Re1 Rb2 43. Kc3 Rb5 44. Rxe2 Rc5+ 45. Kb4 Rb5+ 46. Kc4 Rd5 47. Re8+ Bxe8 48. Kxd5 f4 49. Kc5 f3 50. Kb6 Bc6 51. Re1 1-0

[Event "Titled Tuesday intern op 02nd Apr Late"]
[Site "Chess.com INT"]
[Date "2024.04.02"]
[Round "1"]
[White "Palacio, Igor Da Paz"]
[Black "Bilan, Danila"]
[Result "0-1"]
[WhiteElo "2172"]
[BlackElo "2303"]
[PlyCount "92"]
[EventDate "2024.04.02"]
[EventType "swiss (blitz)"]
[EventRounds "11"]
[EventCountry "USA"]
[SourceTitle "CB15_2024"]
[SourceDate "2024.04.10"]
[SourceVersion "1"]
[SourceVersionDate "2024.04.10"]
[SourceQuality "1"]

1. e4 c6 2. d4 d5 3. Nd2 dxe4 4. Nxe4 Bf5 5. Ng3 Bg6 6. h4 h6 7. Nh3 e5 8. dxe5 Qa5+ 9. c3 Qxe5+ 10. Qe2 Qxe2+ 11. Bxe2 Nf6 12. Nf4 Bh7 13. 0-0 Bc5 14. Bd3 0-0 15. Bxh7+ Kxh7 16. Re1 Nbd7 17. Be3 Rfe8 18. Nf5 Bxe3 19. Rxe3 Rxe3 20. Nxe3 Nc5 21. Rd1 g5 22. hxg5 hxg5 23. Nh3 Kg6 24. Rd6 Nce4 25. Rd4 Re8 26. f3 Nxc3 27. bxc3 Rxe3 28. Rd6 Rxc3 29. Nf2 Kf5 30. Rxf6+ Kxf6 31. Ne4+ Ke5 32. Nxc3 b5 33. Kf2 Kd4 34. Ne4 a5 35. Nxg5 a4 36. Ke2 Kc3 37. Kd1 Kb2 38. Nxf7 Kxa2 39. Ne5 b4 40. Nd3 b3 41. g4 b2 42. Nxb2 Kxb2 43. g5 a3 44. g6 a2 45. g7 a1Q+ 46. Ke2 Qg1 0-1

[Event "Titled Tuesday intern op 27th Feb Late"]
[Site "Chess.com INT"]
[Date "2024.02.27"]
[Round "10"]
[White "Bilan, Danila"]
[Black "Rozman, Levy"]
[Result "0-1"]
[WhiteElo "2303"]
[BlackElo "2322"]
[PlyCount "86"]
[EventDate "2024.02.27"]
[EventType "swiss (blitz)"]
[EventRounds "11"]
[EventCountry "USA"]
[SourceTitle "CB10_2024"]
[SourceDate "2024.03.06"]
[SourceVersion "1"]
[SourceVersionDate "2024.03.06"]
[SourceQuality "1"]

1. d4 g6 2. Nf3 Bg7 3. Bg5 c5 4. c3 Qb6 5. Qb3 cxd4 6. Qxb6 axb6 7. cxd4 Nc6 8. e3 h6 9. Bh4 g5 10. Bg3 g4 11. Ng1 h5 12. h4 Nh6 13. Nc3 Nf5 14. Bf4 d6 15. Bb5 0-0 16. Nge2 e5 17. dxe5 dxe5 18. Bg3 Be6 19. 0-0 Rfd8 20. Rfd1 Nb4 21. a3 Na6 22. Rxd8+ Rxd8 23. Rd1 Rxd1+ 24. Nxd1 Bf6 25. Ndc3 Nc5 26. b4 Nb3 27. Ne4 Bg7 28. N2c3 f6 29. f3 Nxe3 30. fxg4 hxg4 31. h5 f5 32. Nd6 Nd4 33. h6 Bxh6 34. Bxe5 Ndc2 35. Nxb7 Nxa3 36. Nd8 Bb3 37. Bc6 Bf8 38. b5 Bc5 39. Kh2 Nf1+ 40. Kh1 Nc4 41. Bc7 Nce3 42. Nb7 Bd4 43. Bd6 Bxc3 0-1

[Event "Titled Tuesday intern op 27th Feb Late"]
[Site "Chess.com INT"]
[Date "2024.02.27"]
[Round "1"]
[White "Ferreira Junior, Luiz Carlos A"]
[Black "Bilan, Danila"]
[Result "0-1"]
[WhiteElo "2052"]
[BlackElo "2303"]
[PlyCount "106"]
[EventDate "2024.02.27"]
[EventType "swiss (blitz)"]
[EventRounds "11"]
[EventCountry "USA"]
[SourceTitle "CB10_2024"]
[SourceDate "2024.03.06"]
[SourceVersion "1"]
[SourceVersionDate "2024.03.06"]
[SourceQuality "1"]

1. d4 d5 2. Nf3 Nf6 3. c4 c6 4. Nc3 e6 5. cxd5 exd5 6. Bg5 Be7 7. Qc2 g6 8. e3 Bf5 9. Bd3 Bxd3 10. Qxd3 0-0 11. 0-0 Nbd7 12. Rab1 a5 13. a3 Ne4 14. Bh6 Re8 15. Rfc1 Bd6 16. Qc2 Ndf6 17. Bf4 Bxf4 18. exf4 Qd6 19. g3 Nd7 20. b4 axb4 21. axb4 Kg7 22. Ne5 Nxc3 23. Qxc3 Nb6 24. b5 Na4 25. Qb3 f6 26. Nf3 Reb8 27. Ra1 Nb6 28. Rxa8 Nxa8 29. Qa4 Nb6 30. Qa7 Nd7 31. bxc6 bxc6 32. Re1 Rc8 33. Qa5 Kf7 34. Qd2 Re8 35. Rxe8 Kxe8 36. Qe3+ Kf7 37. Nd2 Nb6 38. h4 Nd7 39. Qf3 Qe6 40. Kg2 Nb6 41. h5 Nc4 42. hxg6+ hxg6 43. Nf1 f5 44. Ne3 Nd2 45. Qe2 Qe4+ 46. f3 Qxd4 47. Nf1 Nc4 48. Qa2 Qb2+ 49. Qxb2 Nxb2 50. Ne3 Ke6 51. g4 d4 52. gxf5+ gxf5 53. Nd1 Nxd1 0-1

[Event "Titled Tuesday intern op 13th Feb Early"]
[Site "Chess.com INT"]
[Date "2024.02.13"]
[Round "5"]
[White "Ai, Evan Zihao"]
[Black "Bilan, Danila"]
[Result "0-1"]
[WhiteElo "2188"]
[BlackElo "2303"]
[PlyCount "58"]
[EventDate "2024.02.13"]
[EventType "swiss (blitz)"]
[EventRounds "11"]
[EventCountry "USA"]
[SourceTitle "CB08_2024"]
[SourceDate "2024.02.21"]
[SourceVersion "1"]
[SourceVersionDate "2024.02.21"]
[SourceQuality "1"]

1. d4 d5 2. c4 c6 3. cxd5 cxd5 4. Nc3 Nf6 5. Bf4 Nc6 6. e3 Bf5 7. Bd3 Bxd3 8. Qxd3 e6 9. Nge2 Bd6 10. Bxd6 Qxd6 11. f4 0-0 12. a3 Na5 13. 0-0 Rfc8 14. e4 dxe4 15. Nxe4 Nxe4 16. Qxe4 Nc4 17. Qxb7 Rab8 18. Qxa7 Rxb2 19. Rf2 Ne3 20. Qa5 Ng4 21. Raf1 Nxf2 22. Rxf2 g6 23. h4 Rcc2 24. Qa8+ Kg7 25. Qe4 Qd5 26. Qe3 Qh5 27. Ng3 Qd1+ 28. Kh2 Rxf2 29. Qe5+ Kg8 0-1

[Event "Titled Tuesday intern op 13th Feb Late"]
[Site "Chess.com INT"]
[Date "2024.02.13"]
[Round "1"]
[White "Capdevila, Calixto"]
[Black "Bilan, Danila"]
[Result "1/2-1/2"]
[WhiteElo "2107"]
[BlackElo "2303"]
[PlyCount "98"]
[EventDate "2024.02.13"]
[EventType "swiss (blitz)"]
[EventRounds "11"]
[EventCountry "USA"]
[SourceTitle "CB08_2024"]
[SourceDate "2024.02.21"]
[SourceVersion "1"]
[SourceVersionDate "2024.02.21"]
[SourceQuality "1"]

1. e4 c6 2. d4 d5 3. e5 c5 4. Nf3 Nc6 5. dxc5 Bg4 6. c3 e6 7. Be3 Nge7 8. Bb5 Nf5 9. Bd4 Nh4 10. Rg1 Bxf3 11. gxf3 g6 12. f4 Be7 13. Nd2 0-0 14. Bxc6 bxc6 15. Nf3 Nf5 16. Ng5 a5 17. Qg4 a4 18. Qh3 Bxg5 19. fxg5 a3 20. b4 Nxd4 21. cxd4 Ra4 22. Rb1 Qb8 23. Qb3 Qb5 24. Rg3 Rb8 25. Kd2 Qa6 26. Qc3 Rb5 27. Rb3 Qb7 28. h4 Rbxb4 29. Rxb4 Rxb4 30. Qxa3 Rxd4+ 31. Rd3 Rxd3+ 32. Kxd3 Qb5+ 33. Kd2 Qc4 34. Qa8+ Kg7 35. Qxc6 Qd4+ 36. Ke2 Qxe5+ 37. Kf1 Qa1+ 38. Kg2 Qxa2 39. Qd6 Qc4 40. c6 Qe4+ 41. Kf1 Qd3+ 42. Ke1 Qb1+ 43. Ke2 Qc2+ 44. Kf1 Qc4+ 45. Kg2 Qg4+ 46. Kf1 Qd1+ 47. Kg2 Qg4+ 48. Kf1 Qd1+ 49. Kg2 Qg4+ 1/2-1/2